000
00496nam a2200181Ia 4500
008
090123s9999 xx 000 0 und d
082
_b
14179
_a
891.463/नंदा
100
_a
नंदा गुलशन
245
_a
पतिता
250
_a
1
260
_b
दिलिप प्रकाशन
300
_a
208
600
_a
नंदा गुलशन
630
_a
पतिता
700
_a
नंदा गुलशन
730
_a
पतिता
942
_c
BOOK
999
_c
52240
_d
52240